000
00247nam a2200097Ia 4500
001
986401
005
20250826221100.0
008
250824s9999 xx 000 0 und d
245
0
_a
SÜMBÜLLÜ KÖŞK
_c
BİLGİN ADALI
260
_b
HEP KİTAP YAYINLARI
999
_c
986401
_d
986401